000 00484cam a22002171 4500
001 sa 65001763
003 DLC
005 20260227112111.0
008 891229s1963 bg 000 0 beno
010 _asa 65001763
035 _a(OCoLC)20834136
040 _aDLC
_cWaU
_dDLC
042 _apremarc
050 0 0 _aPK1718.A39
_bM8
100 0 _aAkbaruddin.
245 1 0 _aMujāhida.
260 _c[1963]
300 _a87 p.
_c22 cm.
500 _aIn Bengali.
500 _aA play.
999 _c62211
_d62211